[Event "25th Czech Open A 2014"]
[Site "Pardubice CZE"]
[Date "2014.07.25"]
[Round "8.4"]
[White "Baryshpolets, Andrey"]
[Black "Tomazini, Zan"]
[Result "1-0"]
[WhiteTitle "GM"]
[BlackTitle "FM"]
[WhiteElo "2546"]
[BlackElo "2313"]
[WhiteFideId "14117207"]
[BlackFideId "14608162"]
[EventDate "2014.07.18"]

1. d4 Nf6 2. c4 g6 3. Nf3 Bg7 4. g3 c5 5. d5 b5 6. cxb5 Qa5+ 7. Nc3 a6 8. bxa6
Ne4 9. Bd2 Nxd2 10. Qxd2 Nxa6 11. d6 exd6 12. Qe3+ Kf8 13. Bg2 d5 14. Ng5 Bb7
15. Qf3 f5 16. O-O Bxc3 17. bxc3 Bc6 18. Rfd1 Kg7 19. Qf4 Qxc3 20. Rac1 Qf6 21.
Bxd5 h6 22. Bxc6 hxg5 23. Rxd7+ Kh6 24. Qd6 Qxd6 25. Rxd6 Rad8 26. Rxd8 Rxd8 27.
Bb5 Nc7 28. Bd3 Ne6 29. Bc4 Nd4 30. h3 Rb8 31. e3 Nf3+ 32. Kg2 Ne5 33. a4 Nxc4
34. Rxc4 Ra8 35. g4 Ra5 36. Kf3 Kg7 37. Ke2 Kf6 38. Kd3 Ke6 39. Kc3 Kd5 40. Kb3
Ra8 41. Rc1 Rb8+ 42. Kc3 Rh8 43. a5 Rxh3 44. a6 Rh7 45. Ra1 Ra7 46. f3 Ra8 47.
a7 fxg4 48. fxg4 Ke4 49. Kc4 Kxe3 50. Kxc5 Kf3 51. Ra4 Rxa7 52. Rxa7 Kxg4 53.
Kd4 Kf3 54. Rf7+ Kg3 55. Ke3 g4 56. Rg7 1-0

[Event "25th Czech Open A 2014"]
[Site "Pardubice CZE"]
[Date "2014.07.25"]
[Round "8.5"]
[White "Kravtsiv, Martyn"]
[Black "Sivuk, Vitaly"]
[Result "1-0"]
[WhiteTitle "GM"]
[BlackTitle "IM"]
[WhiteElo "2569"]
[BlackElo "2483"]
[WhiteFideId "14113147"]
[BlackFideId "14116502"]
[EventDate "2014.07.18"]

1. e4 d6 2. d4 Nf6 3. Nc3 Nbd7 4. g4 h6 5. h3 c5 6. Nge2 cxd4 7. Nxd4 a6 8. Bg2
g6 9. Be3 e5 10. Nde2 b5 11. f4 Bb7 12. O-O b4 13. Nd5 Nxd5 14. exd5 Bg7 15. f5
g5 16. Qd2 a5 17. Ng3 Nf6 18. Ne4 O-O 19. a3 Ba6 20. Rfe1 Rb8 21. b3 Nxe4 22.
Bxe4 Bf6 23. Qf2 Qc7 24. Bd2 Bc8 25. axb4 axb4 26. Ra4 Kg7 27. Rxb4 Rxb4 28.
Bxb4 h5 29. Bd2 Rh8 30. Kg2 Qd8 31. Qg3 Bb7 32. Ra1 Qb6 33. Qe3 Qd4 34. c3 Qxd5
35. Bxd5 Bxd5+ 36. Kg3 Bxb3 37. Ra6 hxg4 38. hxg4 e4 39. Rxd6 Be5+ 40. Kg2 Rh2+
41. Kg1 f6 42. Qa7+ Kh6 43. Rxf6+ 1-0

[Event "25th Czech Open A 2014"]
[Site "Pardubice CZE"]
[Date "2014.07.25"]
[Round "8.6"]
[White "Alekseenko, Kirill"]
[Black "Vajda, Levente"]
[Result "1-0"]
[WhiteTitle "FM"]
[BlackTitle "GM"]
[WhiteElo "2468"]
[BlackElo "2569"]
[WhiteFideId "4135539"]
[BlackFideId "1203975"]
[EventDate "2014.07.18"]

1. e4 d6 2. d4 Nf6 3. Nc3 Nbd7 4. Nf3 e5 5. Bc4 Be7 6. O-O O-O 7. Re1 c6 8. a4
b6 9. h3 a6 10. Ba2 Rb8 11. Nh4 exd4 12. Qxd4 Nc5 13. Nf5 Bxf5 14. exf5 d5 15.
Bf4 Rb7 16. g4 a5 17. Kg2 Rd7 18. f3 Ne8 19. Be5 Bf6 20. Re2 Bxe5 21. Rxe5 Re7
22. Rae1 Rxe5 23. Rxe5 Qf6 24. Qe3 Nc7 25. Ne2 Qd6 26. Nf4 h6 27. Qd4 Re8 28.
Rxe8+ Nxe8 29. c3 Qf6 30. Qe3 Kf8 31. Nd3 Nxd3 32. Qxd3 Qe5 33. Qd2 Nf6 34. b4
Ke7 35. bxa5 bxa5 36. Qb2 Nd7 37. Qd2 Nc5 38. c4 dxc4 39. Bxc4 Nxa4 40. Bxf7
Kxf7 41. Qa2+ Kf6 42. Qxa4 Qe2+ 43. Kg3 Qb5 44. Qa3 c5 45. Qe3 Qb8+ 46. f4 Kf7
47. Qxc5 Qb3+ 48. Kh4 a4 49. g5 hxg5+ 50. fxg5 a3 51. g6+ Ke8 52. Qe5+ Kf8 53.
Qc7 Qb4+ 54. Kh5 Qe7 55. Qc8+ Qe8 56. Qa6 Qe3 57. Qa8+ Ke7 58. f6+ gxf6 59. Qb7+
Kd6 60. Qb8+ Kd7 61. Qb5+ Ke7 62. Qb7+ Kd6 63. Qa6+ Ke7 64. h4 f5 65. Qb7+ Kd6
66. g7 Qe8+ 67. Kh6 a2 68. Qa6+ Qc6 69. Qxa2 1-0

[Event "25th Czech Open A 2014"]
[Site "Pardubice CZE"]
[Date "2014.07.25"]
[Round "8.7"]
[White "Stocek, Jiri"]
[Black "Akesson, Ralf"]
[Result "1-0"]
[WhiteTitle "GM"]
[BlackTitle "GM"]
[WhiteElo "2545"]
[BlackElo "2462"]
[WhiteFideId "304760"]
[BlackFideId "1700120"]
[EventDate "2014.07.18"]

1. d4 Nf6 2. c4 e6 3. Nc3 Bb4 4. Nf3 O-O 5. Qc2 c5 6. dxc5 Na6 7. g3 Nxc5 8. Bg2
Nce4 9. O-O Nxc3 10. bxc3 Be7 11. e4 d6 12. e5 dxe5 13. Nxe5 Nd7 14. Bf4 Nxe5
15. Bxe5 Qa5 16. Qe2 Re8 17. Rab1 f6 18. Bf4 e5 19. Bd5+ Kh8 20. Qh5 Rf8 21. Bf7
Bg4 22. Qxg4 Rxf7 23. Qe6 Raf8 24. Rxb7 exf4 25. Rxe7 Rxe7 26. Qxe7 Rg8 27. c5
Qa3 28. Rd1 f3 29. Qe3 Qxa2 30. Qxf3 Qc4 31. c6 a5 32. Rd4 Qc5 33. Rd7 a4 34. c7 1-0

[Event "25th Czech Open A 2014"]
[Site "Pardubice CZE"]
[Date "2014.07.25"]
[Round "8.8"]
[White "Gopal, G.N."]
[Black "Belyakov, Bogdan"]
[Result "1/2-1/2"]
[WhiteTitle "GM"]
[BlackTitle "IM"]
[WhiteElo "2544"]
[BlackElo "2456"]
[WhiteFideId "5015693"]
[BlackFideId "24104795"]
[EventDate "2014.07.18"]

1. e4 e5 2. Nf3 Nc6 3. Bc4 Bc5 4. d3 Nf6 5. O-O O-O 6. Nbd2 a6 7. c3 d6 8. Bb3
Ba7 9. h3 Nh5 10. Re1 Qf6 11. Nf1 Nf4 12. d4 h6 13. N1h2 g5 14. Be3 h5 15. Bd5
Ne7 16. Bc4 Neg6 17. Bf1 Re8 18. g3 g4 19. hxg4 hxg4 20. Nd2 Nh3+ 21. Bxh3 gxh3
22. Ndf3 exd4 23. Bxd4 Bxd4 24. cxd4 c5 25. Rc1 b6 26. Rc3 Ra7 27. Qd2 Rae7 28.
Rce3 Qg7 29. R3e2 a5 30. Kh1 Bb7 31. d5 Bc8 32. Re3 f5 33. exf5 Bxf5 34. b3 Qf6
35. Rxe7 Rxe7 36. Kg1 Rxe1+ 37. Nxe1 Ne5 38. Qf4 Ng6 39. Qd2 Qa1 40. Nf3 Qf6 41.
Kh2 Ne5 42. Nxe5 Qxe5 43. Nf3 Qe4 44. Qg5+ Kf7 45. Nh4 Bg4 46. Qh6 Ke7 47. Ng6+
Kd8 48. Nf4 Kc7 49. Qh4 Qf3 50. Qe7+ Kc8 51. Qe8+ Kb7 52. Qc6+ Ka7 53. Nxh3 Qf7
54. Nf4 Qh7+ 55. Kg2 Qe4+ 56. Kh2 Qh7+ 57. Kg2 Qe4+ 1/2-1/2

[Event "25th Czech Open A 2014"]
[Site "Pardubice CZE"]
[Date "2014.07.25"]
[Round "8.10"]
[White "Vokac, Marek"]
[Black "Stefansson, Hannes"]
[Result "1/2-1/2"]
[WhiteTitle "GM"]
[BlackTitle "GM"]
[WhiteElo "2443"]
[BlackElo "2536"]
[WhiteFideId "300101"]
[BlackFideId "2300087"]
[EventDate "2014.07.18"]

1. d4 Nf6 2. c4 e6 3. Nf3 b6 4. a3 Bb7 5. Nc3 d5 6. cxd5 Nxd5 7. e3 g6 8. Bb5+
c6 9. Bd3 Bg7 10. Nxd5 exd5 11. b4 O-O 12. Rb1 Nd7 13. O-O Re8 14. Re1 a5 15. e4
axb4 16. axb4 dxe4 17. Bxe4 Nf6 18. Bg5 b5 19. Ne5 Qd6 20. Qb3 Re6 21. Bf3 Nd5
22. Bxd5 Qxd5 23. Qxd5 cxd5 24. Bf4 1/2-1/2

[Event "25th Czech Open A 2014"]
[Site "Pardubice CZE"]
[Date "2014.07.25"]
[Round "8.11"]
[White "Megaranto, Susanto"]
[Black "Kanmazalp, Ogulcan"]
[Result "1/2-1/2"]
[WhiteTitle "GM"]
[BlackTitle "IM"]
[WhiteElo "2532"]
[BlackElo "2412"]
[WhiteFideId "7101384"]
[BlackFideId "6304990"]
[EventDate "2014.07.18"]

1. d4 d5 2. Nf3 Nf6 3. c4 e6 4. Nc3 Bb4 5. e3 O-O 6. Bd3 c5 7. O-O Nc6 8. cxd5
exd5 9. dxc5 Bxc5 10. b3 Bg4 11. Bb2 Qe7 12. Be2 Rfd8 13. Nb5 Rac8 14. Nfd4 Bxe2
15. Qxe2 a6 16. Nf5 Qe6 17. Nbd4 Nxd4 18. Nxd4 Bxd4 19. Bxd4 Qf5 20. Rac1 Ne4
21. f3 Ng5 22. Qb2 Ne6 23. Rxc8 Rxc8 24. Rc1 Rxc1+ 25. Qxc1 Nxd4 1/2-1/2

[Event "25th Czech Open A 2014"]
[Site "Pardubice CZE"]
[Date "2014.07.25"]
[Round "8.12"]
[White "Mammadov, Zaur"]
[Black "Krejci, Jan2"]
[Result "1/2-1/2"]
[WhiteTitle "IM"]
[BlackTitle "GM"]
[WhiteElo "2441"]
[BlackElo "2528"]
[WhiteFideId "13401033"]
[BlackFideId "322156"]
[EventDate "2014.07.18"]

1. e4 c5 2. c3 d5 3. exd5 Qxd5 4. d4 Nc6 5. Nf3 Bf5 6. Be3 Nf6 7. Nbd2 cxd4 8.
Bc4 dxe3 9. Bxd5 exd2+ 10. Qxd2 O-O-O 11. O-O Rxd5 12. Qe3 e6 13. b4 Rd3 14. Qe1
Rd5 15. Qe3 Rd3 16. Qe1 Rd5 1/2-1/2

[Event "25th Czech Open A 2014"]
[Site "Pardubice CZE"]
[Date "2014.07.25"]
[Round "8.13"]
[White "Biolek, Richard Jr."]
[Black "Cvek, Robert"]
[Result "0-1"]
[WhiteTitle "IM"]
[BlackTitle "GM"]
[WhiteElo "2429"]
[BlackElo "2516"]
[WhiteFideId "319996"]
[BlackFideId "307424"]
[EventDate "2014.07.18"]

1. d4 Nf6 2. Bg5 d5 3. e3 c6 4. Bd3 Bg4 5. f3 Bh5 6. Ne2 e6 7. Nd2 Be7 8. c3 Bg6
9. e4 Nbd7 10. Ng3 c5 11. Qe2 cxd4 12. cxd4 Nxe4 13. Bxe7 Nxg3 14. hxg3 Kxe7 15.
f4 Bxd3 16. Qxd3 Qa5 17. Rxh7 Nf6 18. b4 Qb6 19. Rh4 Rac8 20. Rxh8 Rxh8 21. Kf2
Rc8 22. b5 Qa5 23. Nb3 Qa3 24. Kg1 Ne4 25. Qb1 Nxg3 26. Qh7 Nf5 27. Re1 Qb4 28.
Re5 g6 29. Kh2 Qc3 30. Rxf5 gxf5 31. Qh4+ Kd6 32. Qf6 b6 33. g3 Qf3 34. Nc5 Qf2+
35. Kh3 bxc5 36. dxc5+ Qxc5 0-1

[Event "25th Czech Open A 2014"]
[Site "Pardubice CZE"]
[Date "2014.07.25"]
[Round "8.14"]
[White "Chernyshov, Konstantin"]
[Black "Yagupov, Igor"]
[Result "1/2-1/2"]
[WhiteTitle "GM"]
[BlackTitle "GM"]
[WhiteElo "2508"]
[BlackElo "2410"]
[WhiteFideId "4117328"]
[BlackFideId "4113632"]
[EventDate "2014.07.18"]

1. d4 d5 2. Nf3 Nf6 3. g3 c6 4. Bg2 Bg4 5. O-O e6 6. b3 Nbd7 7. c4 Bd6 8. Ba3
Bxa3 9. Nxa3 a5 10. Nc2 O-O 11. Nce1 a4 12. Nd3 axb3 13. axb3 Qb6 14. c5 Qb5 15.
Qc2 Bf5 16. Rfc1 Bxd3 17. Qxd3 Qxd3 18. exd3 Rfb8 19. Ne1 Ne8 20. f4 Nc7 21. Nf3
Kf8 22. Bf1 Ke7 23. Kf2 Nb5 24. Be2 Nf6 25. h3 Ne8 26. Ra4 Nec7 27. Ke3 Ra6 28.
Rca1 Nc3 29. Ra5 Rxa5 30. Rxa5 f6 31. Ra1 Ra8 32. Rxa8 Nxa8 33. g4 Nc7 34. Bf1
Ne8 35. h4 Nc7 36. Bh3 Nd1+ 37. Ke2 Nc3+ 38. Kd2 N3b5 39. Ke3 h6 40. Bf1 Ne8 41.
Bh3 Nec7 42. Bf1 Ne8 43. Bh3 Nec7 44. Bf1 1/2-1/2

[Event "25th Czech Open A 2014"]
[Site "Pardubice CZE"]
[Date "2014.07.25"]
[Round "8.15"]
[White "Haba, Petr"]
[Black "Vavulin, Maksim"]
[Result "0-1"]
[WhiteTitle "GM"]
[BlackTitle "IM"]
[WhiteElo "2502"]
[BlackElo "2393"]
[WhiteFideId "300160"]
[BlackFideId "4169530"]
[EventDate "2014.07.18"]

1. e4 e5 2. Nf3 Nc6 3. Bb5 a6 4. Ba4 Nge7 5. c3 g6 6. d4 exd4 7. cxd4 b5 8. Bc2
Bg7 9. d5 Na5 10. Bd2 c5 11. Bc3 f6 12. O-O d6 13. a3 O-O 14. Nbd2 Qc7 15. h3
Bd7 16. Rc1 Nb7 17. Bb1 Nc8 18. Re1 Nb6 19. b3 Rae8 20. Nf1 Qd8 21. Ne3 Bh6 22.
Nh2 a5 23. Nhg4 Bg7 24. Ba1 Qe7 25. Qf3 Rc8 26. Qg3 b4 27. a4 c4 28. Bd4 Nc5 29.
Nxc4 Nxc4 30. Rxc4 f5 31. Bxc5 Rxc5 32. Rxc5 dxc5 33. Nh2 Bc3 34. Rd1 fxe4 35.
Ng4 c4 36. Bc2 Qc5 37. bxc4 Bxg4 38. hxg4 Bd4 39. Rf1 e3 40. Bd3 exf2+ 41. Kh1
b3 42. g5 Be3 43. Qe5 Qd4 44. Qe6+ Kg7 45. g3 Bxg5 46. Be4 Rf6 47. Qe8 Rf8 48.
Qe6 Qxc4 49. Kg2 Rf7 50. Bf3 Rxf3 51. Kxf3 Qxf1 52. Qd7+ Kh6 0-1

[Event "25th Czech Open A 2014"]
[Site "Pardubice CZE"]
[Date "2014.07.25"]
[Round "8.16"]
[White "Wagner, Dennis"]
[Black "Kriebel, Tadeas"]
[Result "1-0"]
[WhiteTitle "IM"]
[BlackTitle "IM"]
[WhiteElo "2485"]
[BlackElo "2398"]
[WhiteFideId "24650684"]
[BlackFideId "330027"]
[EventDate "2014.07.18"]

1. Nf3 Nf6 2. c4 g6 3. Nc3 Bg7 4. e4 d6 5. d4 O-O 6. Be2 e5 7. O-O Nc6 8. d5 Ne7
9. Qc2 Kh8 10. Rd1 Ne8 11. Bd2 Ng8 12. c5 Bh6 13. Bxh6 Nxh6 14. Qd2 Ng8 15. Rac1
Qe7 16. cxd6 cxd6 17. Nb5 a6 18. Na3 b5 19. Qa5 Bb7 20. Nc2 f5 21. exf5 gxf5 22.
Nb4 Ngf6 23. Nc6 Qd7 24. a4 bxa4 25. Qxa4 Rg8 26. g3 Rc8 27. Qb3 f4 28. Bf1 Rg7
29. Bg2 Qf7 30. Nd2 Ng4 31. Qb6 Qh5 32. Nf1 Ngf6 33. Qb3 Qh6 34. Rc4 Ra8 35. Rb4
Bc8 36. Rb8 Rxb8 37. Qxb8 Bg4 38. Ra1 Be2 39. Ra3 Qh5 40. Qb3 Ng4 41. h3 f3 42.
Bxf3 Bxf3 43. Qxf3 Qxh3 44. Rxa6 Qxf1+ 45. Kxf1 Nh2+ 46. Ke2 Nxf3 47. Ra8 Ng1+
48. Kf1 Rg8 49. Ne7 Rf8 50. Kxg1 Kg7 51. Kf1 Rf3 52. Rxe8 Kf7 53. Rb8 Kxe7 54.
Ke2 e4 55. Rb4 Kf7 56. Rxe4 Rb3 57. Re6 Rxb2+ 58. Kf3 Rb6 59. Kg4 Ra6 60. f4 Rb6
61. Kg5 Ra6 62. g4 Rb6 63. f5 Ra6 64. f6 Rb6 65. Kf5 h6 66. Re7+ Kf8 67. Rd7 Rb4
68. Rxd6 Kf7 69. Rd7+ Kf8 70. Rh7 Rd4 71. Rxh6 Kg8 72. Rg6+ Kf8 73. Ke5 Rd1 74.
Rg7 Re1+ 75. Kd6 Ra1 76. g5 Ra6+ 77. Ke5 Ra1 78. Rb7 Rg1 79. Kf5 Ke8 80. Kg6
Rxg5+ 81. Kxg5 1-0

[Event "25th Czech Open A 2014"]
[Site "Pardubice CZE"]
[Date "2014.07.25"]
[Round "8.17"]
[White "Saric, Ante"]
[Black "Potapov, Alexander1"]
[Result "1-0"]
[WhiteTitle "GM"]
[BlackTitle "GM"]
[WhiteElo "2536"]
[BlackElo "2399"]
[WhiteFideId "14506254"]
[BlackFideId "4115074"]
[EventDate "2014.07.18"]

1. Nf3 f5 2. g3 Nf6 3. Bg2 g6 4. b3 Bg7 5. Bb2 d6 6. d4 O-O 7. c4 Ne4 8. Nc3 Nc6
9. Rc1 Nxc3 10. Bxc3 e5 11. dxe5 dxe5 12. Qd5+ Kh8 13. Qxd8 Rxd8 14. Ng5 Re8 15.
Bxc6 bxc6 16. f4 exf4 17. gxf4 a5 18. Kf2 a4 19. b4 a3 20. Rhd1 Ra4 21. Rd8 Rxd8
22. Nf7+ Kg8 23. Nxd8 Bxc3 24. Rxc3 Bd7 25. Rd3 Be8 26. Ne6 Ra7 27. Rd8 Kf7 28.
Nc5 Ke7 29. Rd3 Bf7 30. Re3+ Kd6 31. Rd3+ Ke7 32. Re3+ Kd6 33. Rc3 Ra8 34. Ke3
Re8+ 35. Kd2 Rb8 36. Rd3+ Ke7 37. Kc3 Rc8 38. Re3+ Kd6 39. Nb7+ Kd7 40. Nc5+ Kd6
41. Nd3 Be6 42. h4 Rg8 43. Kd4 Ra8 44. Nc5 Bf7 45. Nb7+ Kd7 46. Kc5 Be8 47. Na5
Ra6 48. Rxa3 Ke7 49. Re3+ Kf7 50. a3 Bd7 51. a4 Kf8 52. Ra3 Ke7 53. Nb3 Ra8 54.
Nd4 Ra6 55. a5 Kf6 56. Re3 Kf7 57. Nf3 Kf6 58. Ne5 Be8 59. Rd3 Ke7 60. Rd2 1-0

[Event "25th Czech Open A 2014"]
[Site "Pardubice CZE"]
[Date "2014.07.25"]
[Round "8.18"]
[White "Teske, Henrik"]
[Black "Satyapragyan, Swayangsu"]
[Result "1/2-1/2"]
[WhiteTitle "GM"]
[BlackTitle "IM"]
[WhiteElo "2512"]
[BlackElo "2393"]
[WhiteFideId "4611500"]
[BlackFideId "5004306"]
[EventDate "2014.07.18"]

1. d4 Nf6 2. Bg5 Ne4 3. Bf4 d5 4. e3 c5 5. Bd3 Nf6 6. Nf3 Nc6 7. Nbd2 Bg4 8. h3
Bh5 9. c3 e6 10. O-O Be7 11. Qb3 Qb6 12. dxc5 Bxc5 13. Qc2 Be7 14. Ne5 O-O 15.
e4 Nxe5 16. Bxe5 dxe4 17. Nxe4 Nxe4 18. Bxe4 Bg6 19. Bxg6 hxg6 20. Bd4 Bc5 21.
Rad1 Rad8 22. Bxc5 Qxc5 23. Qe4 b5 24. Qe3 Qc7 25. Rd3 Rd7 26. Rfd1 Rfd8 27. Rd4
Qc6 28. h4 a6 29. g3 Qb7 30. Kf1 Rxd4 1/2-1/2

[Event "25th Czech Open A 2014"]
[Site "Pardubice CZE"]
[Date "2014.07.25"]
[Round "8.19"]
[White "Manik, Mikulas"]
[Black "Bluebaum, Matthias"]
[Result "1/2-1/2"]
[WhiteTitle "GM"]
[BlackTitle "IM"]
[WhiteElo "2394"]
[BlackElo "2510"]
[WhiteFideId "14900734"]
[BlackFideId "24651516"]
[EventDate "2014.07.18"]

1. e4 e6 2. d4 d5 3. Nc3 Nf6 4. Bg5 dxe4 5. Nxe4 Nbd7 6. Nf3 Be7 7. Nxf6+ Bxf6
8. Bxf6 Qxf6 9. Qd2 O-O 10. O-O-O Rd8 11. Bd3 b6 12. Be4 Rb8 13. Qe3 Bb7 14.
Bxb7 Rxb7 15. Ne5 1/2-1/2

[Event "25th Czech Open A 2014"]
[Site "Pardubice CZE"]
[Date "2014.07.25"]
[Round "8.20"]
[White "Musat, Adrian"]
[Black "Kislinsky, Alexey"]
[Result "1/2-1/2"]
[WhiteTitle "FM"]
[BlackTitle "GM"]
[WhiteElo "2401"]
[BlackElo "2491"]
[WhiteFideId "1203452"]
[BlackFideId "14108801"]
[EventDate "2014.07.18"]

1. Nf3 c5 2. c4 g6 3. g3 b6 4. Bg2 Bb7 5. O-O Bg7 6. Nc3 Nf6 7. d3 O-O 8. Bg5 h6
9. Bd2 Nc6 10. Qc1 Kh7 11. Rb1 d6 12. a3 Qd7 13. e4 Ng4 14. b4 e6 15. h3 Nge5
16. Nxe5 Nxe5 17. f4 Nc6 18. f5 Qe7 19. Kh2 Ne5 20. Qc2 gxf5 21. bxc5 fxe4 22.
d4 Ng6 23. Nxe4 dxc5 24. dxc5 f5 25. c6 Bxc6 26. Bb4 Qc7 27. Bxf8 Rxf8 28. Nd2
Be5 29. Rb3 Bxg2 30. Kxg2 Rg8 31. Rg1 Nf4+ 32. Kf1 Nxh3 33. Rh1 Ng5 34. g4 Bd4
35. gxf5 Qf4+ 36. Ke1 exf5 37. Rf1 Qe5+ 38. Kd1 Ne4 39. Nxe4 fxe4 40. Kc1 Kh8
41. Rh3 Rg6 42. Kb1 Kg7 43. Rh4 Qg3 44. Rxe4 Bf6 45. Ka2 h5 46. Ref4 h4 47. Qe2
Qg2 48. R1f2 Qc6 49. Rg4 h3 50. Rxg6+ Kxg6 51. Qg4+ Kf7 52. Qh5+ Ke7 53. Qh7+
Kf8 54. Kb3 a5 55. Qh8+ Kf7 56. Qh5+ Ke7 57. Qh7+ Kf8 58. Qf5 Kg7 59. Qg4+ Kf7
60. Qh5+ Kf8 61. Qd5 Qxd5 62. cxd5 Ke7 63. Rh2 b5 64. Rxh3 Be5 65. Rh6 Bd6 66.
Rh7+ Kf6 67. Rb7 a4+ 68. Kb2 Ke5 69. Rxb5 Kd4 70. Ra5 Bc7 71. Rxa4+ Kxd5 72. Rb4
Kc6 73. Kb3 Ba5 74. Rg4 Kb7 75. Ka4 Bb6 76. Kb5 Ba7 77. Rg7+ Ka8 78. Kc6 Be3 79.
Kb5 Ba7 80. Ka6 Bb8 81. Rd7 Bh2 82. Ra7+ Kb8 83. Rh7 Bg1 84. Rh8+ Kc7 85. a4 Bf2
86. Rh2 Be3 87. Rb2 Kc8 88. Rb3 Bf2 89. Rb1 Be3 90. a5 Bf2 91. Rb3 Bg1 92. Rg3
Bf2 93. Rb3 Bg1 94. Rb6 Bf2 95. Rb2 Bg1 96. Rg2 Be3 97. Rg3 Bf2 98. Rf3 Bg1 99.
Rf8+ Kc7 100. Rf7+ Kb8 101. Rg7 Be3 102. Rb7+ Kc8 103. Re7 Bf2 104. Rf7 Bg1 105.
Rf8+ Kc7 106. Rh8 Bf2 107. Rh7+ Kb8 108. Rb7+ Kc8 109. Rb2 Be3 110. Rb3 Bf2 111.
Kb5 Kb7 112. Rf3 Ba7 113. Rf7+ Ka8 114. Ka6 Bb8 115. Rg7 Bf4 116. Rg8+ Bb8 117.
Rxb8+ 1/2-1/2

[Event "25th Czech Open A 2014"]
[Site "Pardubice CZE"]
[Date "2014.07.25"]
[Round "8.21"]
[White "Sergeyev, Alexander"]
[Black "Neuman, Petr"]
[Result "0-1"]
[WhiteTitle "FM"]
[BlackTitle "GM"]
[WhiteElo "2389"]
[BlackElo "2488"]
[WhiteFideId "13702076"]
[BlackFideId "305243"]
[EventDate "2014.07.18"]

1. d4 d6 2. Nc3 Nf6 3. Bg5 Nbd7 4. e4 e5 5. Nf3 c6 6. Bc4 Be7 7. O-O O-O 8. Re1
b5 9. Bd3 a6 10. Ne2 Re8 11. Ng3 g6 12. c3 Bb7 13. a4 Bf8 14. Qb3 h6 15. Bd2 Nb6
16. axb5 cxb5 17. Rad1 Qc7 18. Bc1 Rac8 19. Qa2 Bg7 20. h4 h5 21. Ng5 Nc4 22. b3
Nb6 23. Bb2 Ng4 24. f3 Nf6 25. d5 Nfd7 26. Ne2 Nc5 27. Bc2 Ra8 28. Qa5 Bc8 29.
Bc1 Nb7 30. Qa3 a5 31. Bd3 Bd7 32. Be3 Rec8 33. Rb1 Nc5 34. Bxc5 dxc5 35. Qc1 c4
36. Bc2 Bh6 37. f4 exf4 38. Rf1 Be8 39. Rxf4 Bg7 40. Qe3 Qc5 41. Qxc5 Rxc5 42.
b4 axb4 43. cxb4 Rc7 44. Nf3 Rca7 45. Nfd4 Ra2 46. Kf1 Bd7 47. Ke1 Bg4 48. Bd1
Bxe2 49. Nxe2 Nc8 50. g4 Be5 51. gxh5 Rxe2+ 0-1

[Event "25th Czech Open A 2014"]
[Site "Pardubice CZE"]
[Date "2014.07.25"]
[Round "8.23"]
[White "Sukandar, Irine Kharisma"]
[Black "Gutman, Gennadi"]
[Result "1/2-1/2"]
[WhiteTitle "WGM"]
[BlackTitle "GM"]
[WhiteElo "2375"]
[BlackElo "2479"]
[WhiteFideId "7101937"]
[BlackFideId "14102277"]
[EventDate "2014.07.18"]

1. e4 c5 2. Nf3 d6 3. Bb5+ Nc6 4. O-O Bd7 5. Re1 Nf6 6. h3 a6 7. Bf1 e5 8. a4
Be7 9. Na3 O-O 10. Nc4 h6 11. d3 Be6 1/2-1/2

[Event "25th Czech Open A 2014"]
[Site "Pardubice CZE"]
[Date "2014.07.25"]
[Round "8.24"]
[White "Vrana, Jan"]
[Black "Simacek, Pavel"]
[Result "1/2-1/2"]
[WhiteTitle "FM"]
[BlackTitle "IM"]
[WhiteElo "2374"]
[BlackElo "2470"]
[WhiteFideId "322369"]
[BlackFideId "307165"]
[EventDate "2014.07.18"]

1. e4 c5 2. c3 g6 3. d4 cxd4 4. cxd4 Bg7 5. Nc3 d6 6. Nf3 Nf6 7. h3 d5 8. exd5
O-O 9. Bc4 a6 10. a4 Nbd7 11. O-O Nb6 12. Bb3 Nbxd5 13. Re1 Be6 14. Ng5 Nxc3 15.
bxc3 Bxb3 16. Qxb3 Qd5 17. Rb1 e6 18. Qxb7 h6 19. Nf3 Qxb7 20. Rxb7 Rfb8 21.
Rxb8+ Rxb8 22. Bd2 Rb2 23. c4 Nd7 24. d5 e5 25. Bc3 Rc2 26. Bxe5 Nxe5 27. Nxe5
Bxe5 28. Rxe5 Rxc4 29. Re8+ Kg7 30. d6 Rd4 31. Rd8 Rxa4 32. Ra8 Rd4 33. Rxa6 Kf6
34. g4 Ke6 35. Kg2 1/2-1/2

[Event "25th Czech Open A 2014"]
[Site "Pardubice CZE"]
[Date "2014.07.25"]
[Round "8.25"]
[White "Suran, Jan"]
[Black "Vishnu Prasanna, V"]
[Result "1/2-1/2"]
[WhiteTitle "FM"]
[BlackTitle "GM"]
[WhiteElo "2368"]
[BlackElo "2459"]
[WhiteFideId "305782"]
[BlackFideId "5030692"]
[EventDate "2014.07.18"]

1. e4 c5 2. Nf3 Nc6 3. Bb5 d6 4. O-O Bd7 5. Re1 Nf6 6. c3 a6 7. Bf1 Bg4 8. h3
Bxf3 9. Qxf3 e6 10. d3 Be7 11. Nd2 O-O 12. Qd1 b5 13. Nf3 d5 14. e5 Nd7 15. Bf4
Qc7 16. g3 Rab8 17. h4 Rfd8 18. Qe2 a5 19. h5 a4 20. Rac1 b4 21. c4 dxc4 22.
dxc4 Nd4 23. Qe4 b3 1/2-1/2

[Event "25th Czech Open A 2014"]
[Site "Pardubice CZE"]
[Date "2014.07.25"]
[Round "8.26"]
[White "Gorbatov, Alexej"]
[Black "Firat, Burak"]
[Result "0-1"]
[WhiteTitle "IM"]
[BlackTitle "IM"]
[WhiteElo "2358"]
[BlackElo "2458"]
[WhiteFideId "4111834"]
[BlackFideId "6305881"]
[EventDate "2014.07.18"]

1. Nf3 d5 2. d4 c6 3. Bf4 Qb6 4. Qc1 Nf6 5. Nbd2 Bf5 6. c4 e6 7. c5 Qd8 8. e3 a5
9. a3 a4 10. Qc3 Nbd7 11. Rc1 Be7 12. h3 O-O 13. Be2 b6 14. cxb6 Qxb6 15. O-O h6
16. Ne5 Nxe5 17. Bxe5 Rfc8 18. Bf3 Ra7 19. Rfe1 Rb7 20. e4 dxe4 21. Nc4 Qd8 22.
Bd1 Ra7 23. Bc2 Bg6 24. Rcd1 c5 25. dxc5 Nd5 26. Qd2 Rxc5 27. Ne3 Ra8 28. Qe2
Qc8 29. Nxd5 exd5 30. Bb1 Qb7 31. Ba2 Bg5 32. Rd4 Rac8 33. Rxa4 Rc2 34. Qa6 Qe7
35. Bc3 R8xc3 36. bxc3 e3 37. Qc8+ Kh7 38. f4 Be4 39. Bxd5 Rxg2+ 40. Kf1 Rf2+
41. Kg1 Bxd5 42. Qf5+ g6 43. Qxd5 Bxf4 44. Re4 Qf6 45. Re8 Bh2+ 46. Kh1 Bg3 47.
Rg1 Rh2# 0-1

[Event "25th Czech Open A 2014"]
[Site "Pardubice CZE"]
[Date "2014.07.25"]
[Round "8.27"]
[White "Camarena Gimenez, Rufino"]
[Black "Simantsev, Mikhail"]
[Result "1-0"]
[WhiteTitle "IM"]
[BlackTitle "GM"]
[WhiteElo "2343"]
[BlackElo "2434"]
[WhiteFideId "2211106"]
[BlackFideId "14104555"]
[EventDate "2014.07.18"]

1. d4 Nf6 2. c4 e6 3. Nf3 b6 4. a3 Bb7 5. Nc3 d5 6. cxd5 Nxd5 7. Qc2 Be7 8. e4
Nxc3 9. bxc3 O-O 10. Bd3 c5 11. O-O Qc8 12. Qe2 cxd4 13. cxd4 Ba6 14. Rd1 Bxd3
15. Rxd3 Nd7 16. e5 Re8 17. Bg5 Bf8 18. h4 Qa6 19. Nd2 Rac8 20. Ne4 Rc4 21. Qg4
Qa4 22. Qf4 Kh8 23. Qxf7 Rcc8 24. Re1 h6 25. Bxh6 Re7 26. Bxg7+ Bxg7 27. Qxe7
Qa5 28. Red1 Qd5 29. Nd6 1-0